| 000 | 00646nam a2200181 i 4500 | ||
|---|---|---|---|
| 001 | 55378 | ||
| 003 | ES-MaACL | ||
| 005 | 20250826111423.0 | ||
| 007 | t| | ||
| 008 | 030918s1951 sp ||||1| spa d | ||
| 245 | 0 | 0 |
_aBajo dos tiranías _b: Hitler y Stalin en tierras húngaras : cartas sobre la ocupación alemana y rusa en Hungría / _c[Deodato, seud.] ; editadas por Antonio Sancho Nebot. |
| 260 |
_aMadrid : _bStudium de Cultura, _c[1951] ( _fHalar) |
||
| 300 |
_a100 p. ; _c20 cm. |
||
| 700 | 1 |
_aSancho Nebot, Antonio, _d1884-1961 _9103048 |
|
| 700 | 0 |
_aDeodato. _943745 |
|
| 852 |
_aES-MaACL _jD-6153 _bR.31299 |
||
| 999 |
_c55378 _d55378 |
||